[Event "15th Spice Cup 2021"]
[Site "Clayton"]
[Date "2021.10.18"]
[Round "2.5"]
[White "Yoo, Christopher Woojin"]
[Black "Yanayt, Eugene"]
[Result "1-0"]
[WhiteElo "2485"]
[BlackElo "2034"]
[Annotator "TA"]
[PlyCount "97"]
[EventDate "2021.10.17"]
[EventType "swiss"]
[EventCountry "USA"]
[SourceTitle "playchess.com"]
[Source "ChessBase"]
[SourceQuality "1"]

{[%evp 10,97,30,5,27,0,8,15,14,19,20,0,0,0,0,0,0,0,0,-49,30,23,33,23,72,48,48,48,50,49,83,0,18,2,54,27,27,26,67,65,64,71,70,67,67,67,77,35,65,27,24,10,53,45,47,45,52,40,43,35,138,112,139,71,69,73,304,272,302,291,294,272,272,272,272,272,1166,777,723,684,1834,1891,1666,1665,1613,1612,1556,1083,804,785]} 1. e4 c5 2. Nf3 d6 3. Nc3 Nf6 4. e5 dxe5 5. Nxe5 Nbd7 6. Nc4 (6. d4 {seems wilder.} e6 7. Bf4 Be7 8. dxc5 O-O 9. c6) 6... Qc7 {[#] B50: Sicilian: 2...d6, Miscellaneous.} 7. d4 $146 ({Predecessor:} 7. Be2 e5 8. O-O Be7 9. a4 O-O 10. d3 Re8 11. Bf3 Nb6 12. Nxb6 axb6 13. Re1 Bd7 14. Bg5 {0-1 (87) Klauser,M (2386)-Sommerhalder,E (2105) Lenzerheide 2018}) 7... a6 8. dxc5 Nxc5 {The position is equal.} 9. Qf3 Bg4 10. Qf4 (10. Bf4 {is interesting.} Bxf3 11. Bxc7 Rc8 12. Be5 Bh5 13. f3) 10... Qxf4 11. Bxf4 Rd8 12. f3 Bf5 13. Ne3 Bg6 14. g4 e6 (14... h5 $15) 15. h4 $11 {And now h5 would win.} h5 16. g5 $36 {[%cal Rg5f6][%mdl 2048] White has the initiative.} Ng8 17. Bc7 Rc8 18. Bg3 Ne7 19. Bh3 Nc6 20. O-O (20. O-O-O $16) 20... Rd8 21. Rad1 Rd4 (21... Nd7 $11) 22. Ne2 Rxd1 23. Rxd1 Na4 24. b3 {[%cal Bb2b3,Bb3b4][%mdl 32]} Bc5 25. Bf2 Nb6 26. Nf4 Ne5 27. Kg2 $1 Nbd7 28. c3 Ke7 29. b4 Bd6 30. c4 Rc8 31. c5 Bb8 32. Bg3 a5 33. a3 ({But not} 33. bxa5 Rxc5 34. a6 (34. Nxg6+ Nxg6 35. Bxb8 Nxb8 $17) 34... bxa6 $17) 33... axb4 34. axb4 b6 {[#]} ({Black should play} 34... Rd8 $14) 35. Nfd5+ $1 $16 {[%mdl 512]} Ke8 36. Nxb6 (36. cxb6 $142 Rc6 37. b5 $1) 36... Nxb6 37. cxb6 Nd3 $2 {Loses the game.} (37... Rc3 $16 {was necessary.}) 38. b7 $18 Rd8 39. Ra1 {aiming for Bxb8.} Nxb4 {Black wants to play ...Rd2+.} 40. Bxb8 Rxb8 41. Ra8 Nc6 {[#]} 42. Nc4 $1 {[%cal Rc4e5] Ne5! is the strong threat.} Rd8 $2 {[#]} (42... Kd7) 43. Ne5 $1 {[%mdl 512] White is clearly winning.} Nb8 44. Nxg6 {[%mdl 64] Overworked Piece} fxg6 45. Bxe6 Ke7 46. Bc8 Nc6 47. b8=Q Nxb8 48. Rxb8 Kd6 49. Rb6+ {Weighted Error Value: White=0.14/Black=0.29} 1-0

[Event "15th Spice Cup 2021"]
[Site "Clayton"]
[Date "2021.10.18"]
[Round "2.6"]
[White "Amburgy, Ryan"]
[Black "Martinez Alcantara, Jose Eduardo"]
[Result "0-1"]
[WhiteElo "2103"]
[BlackElo "2620"]
[Annotator "TA"]
[PlyCount "118"]
[EventDate "2021.10.17"]
[EventType "swiss"]
[EventCountry "USA"]
[SourceTitle "playchess.com"]
[Source "ChessBase"]
[SourceQuality "1"]

{[%evp 20,118,61,54,62,46,54,28,33,29,42,24,41,29,88,16,16,29,23,23,22,23,24,0,16,20,18,0,0,0,0,0,35,0,0,0,0,0,0,0,0,0,0,0,36,50,43,39,33,0,0,0,43,41,146,0,0,0,0,0,62,20,20,20,27,0,71,0,0,0,0,0,-2,-639,-598,-529,-375,-1067,-584,-1380,-1325,-1116,-875,-29982,-29983,-29983,-29984,-29984,-29985,-29984,-29982,-29982,-29983,-29986,-29984,-29987,-29988,-29988,-29989,-29989,-29990]} 1. Nf3 c5 2. c4 Nc6 3. Nc3 g6 4. e3 Bg7 5. d4 d6 6. Be2 Nf6 7. d5 Na5 8. e4 O-O 9. O-O e5 10. a3 b6 11. b4 Nb7 {E91: King's Indian: Classical: 6 Be2, unusual replies including 6...c5 and 6...Bg4.} 12. Ne1 Ne8 13. Nd3 f5 {White has an edge.} 14. Rb1 {[#]} Nf6 $146 ({Predecessor:} 14... Bd7 15. Bd2 f4 16. f3 Kh8 17. g4 Kg8 18. Rf2 Kh8 19. Rg2 h5 20. gxh5 g5 {½-½ (51) Maletin,P (2541)-Moiseenko,A (2630) Sochi 2007}) 15. f3 f4 16. bxc5 dxc5 (16... Nxc5 $11 17. Nxc5 bxc5) 17. Nxe5 (17. a4 $16) 17... Nxe4 $1 $11 18. Nxe4 Bxe5 19. Bb2 Bxb2 20. Rxb2 Bf5 21. Rd2 Nd6 22. Nxd6 Qxd6 23. Bd3 Rae8 24. Re1 Re3 25. Bxf5 gxf5 26. Rde2 Rfe8 27. Qd2 {[%cal Re2e3]} Qe7 {[%cal Re3e2]} 28. Kf1 Kf7 29. Rxe3 fxe3 {[%mdl 4096] Endgame KQR-KQR} 30. Qd3 Qe5 31. g4 f4 32. Qxh7+ Kf8 33. Qd3 Kg7 34. h4 Qb2 {[%csl Ge3][%cal Rb2f2] [#]} 35. Re2 Qf6 (35... Qd4 $5 {[%cal Rd4d3]} 36. Qc2 b5 $11) 36. h5 Kh8 (36... b5 $14) 37. Qg6 ({White should play} 37. Kg2 $16) 37... Qxg6 38. hxg6 {KR-KR} Kg7 39. Rh2 Kxg6 (39... Rb8 $11) 40. Ke2 b5 41. cxb5 c4 42. Ke1 Rd8 (42... c3 $11 43. Rc2 Rh8 44. Rxc3 Rh1+ 45. Ke2 Rh2+ 46. Kf1 Rh1+ 47. Ke2 Rh2+ 48. Kf1 Rh1+ 49. Ke2) 43. Rc2 (43. Rh5 $16) 43... Rxd5 44. Rxc4 Kg5 45. a4 Rd2 {And now ...Rf2 would win.} 46. Rb4 $2 {[%mdl 8192] [#] Now White is beyond hope.} (46. Rc8 $11) 46... Ra2 $1 $19 47. Re4 {intending Rb4.} Rf2 48. Re7 $2 (48. a5 Rb2 49. b6 axb6 50. a6) 48... Rxf3 49. Rxa7 Rh3 50. Re7 Kxg4 51. b6 Rh1+ {Black mates.} 52. Ke2 f3+ 53. Kd3 Rd1+ 54. Kc2 e2 55. b7 Rd8 56. Rd7 Re8 57. Re7 Rxe7 58. b8=Q e1=Q 59. Qg8+ Kh3 {Weighted Error Value: White=0.54/Black=0.26} 0-1

[Event "15th Spice Cup 2021"]
[Site "Clayton"]
[Date "2021.10.19"]
[Round "3.1"]
[White "Nyzhnyk, Illya"]
[Black "Yoo, Christopher Woojin"]
[Result "1/2-1/2"]
[WhiteElo "2670"]
[BlackElo "2485"]
[Annotator "TA"]
[PlyCount "33"]
[EventDate "2021.10.17"]
[EventType "swiss"]
[EventCountry "USA"]
[SourceTitle "playchess.com"]
[Source "ChessBase"]
[SourceQuality "1"]

{[%evp 14,33,20,23,24,14,19,0,0,0,0,0,0,0,15,8,10,10,22,-10,-16,0]} 1. d4 Nf6 2. c4 e6 3. Nc3 Bb4 4. Qc2 c5 5. dxc5 O-O 6. a3 Bxc5 7. Nf3 d5 8. Bg5 Be7 {is the new trend. E39: Nimzo-Indian: Classical: 4...c5 5 dxc5 0-0.} 9. e3 Nc6 {The position is equal.} 10. Rd1 Qa5 11. Bd3 dxc4 12. Bxc4 Ne5 13. Nxe5 Qxe5 14. Bf4 Qc5 15. Bd3 b6 {[#]} 16. Nb5 $146 ({Predecessor:} 16. e4 e5 17. Bg5 h6 18. b4 Qc7 19. Nd5 Qxc2 20. Nxe7+ Kh8 21. Bxc2 hxg5 {1-0 (31) Loiseau,Q (2472)-Gaprindashvili,V (2368) Barcelona 2019}) 16... Qxc2 17. Bxc2 {Not much happened in this game.  Weighted Error Value: White=0.05/Black=0.00} 1/2-1/2

[Event "15th Spice Cup 2021"]
[Site "Clayton"]
[Date "2021.10.19"]
[Round "3.2"]
[White "Jacobson, Brandon"]
[Black "Quesada Perez, Yuniesky"]
[Result "0-1"]
[WhiteElo "2492"]
[BlackElo "2593"]
[Annotator "TA"]
[PlyCount "78"]
[EventDate "2021.10.17"]
[EventType "swiss"]
[EventCountry "USA"]
[SourceTitle "playchess.com"]
[Source "ChessBase"]
[SourceQuality "1"]

{[%evp 16,78,31,30,29,18,23,26,19,10,12,0,2,0,0,0,0,0,29,27,53,10,10,4,42,40,68,54,62,40,63,33,27,51,31,31,66,-99,-94,-111,-124,-114,-123,-105,-113,-312,-301,-310,-310,-470,-466,-711,-700,-681,-679,-832,-832,-832,-827,-825,-814,-779,-754,-798,-752]} 1. d4 d5 2. c4 dxc4 3. Nf3 Nf6 4. e3 e6 5. Bxc4 a6 6. O-O c5 7. b3 cxd4 8. Nxd4 Be7 9. Bb2 O-O {D27: Queen's Gambit Accepted: Classical main line: 7 e4!? and 7 a4.} 10. Nd2 b5 11. Be2 Bb7 {White has an edge.} 12. a4 Nc6 13. Bf3 Nd5 14. axb5 Nxd4 15. Bxd4 axb5 16. Ne4 b4 17. Qd2 Qb8 {[#]} 18. Rac1 $146 ({Predecessor:} 18. Bc5 Rxa1 19. Rxa1 Qc7 20. Bxe7 Qxe7 21. Ra7 Rc8 22. Rxb7 Qxb7 23. Nd6 Qc7 24. Nxc8 Qxc8 25. Bxd5 exd5 {½-½ (38) So,W (2763)-Mamedyarov,S (2765) Riga 2019}) 18... Rd8 {White should prevent ...e5.} 19. Qb2 {aiming for Be5.} Bf8 (19... Nc3 $5 20. Nxc3 bxc3 21. Qxc3 Bxf3 22. gxf3 Qb7 $11) 20. Nc5 Nc3 21. Nxb7 Rxd4 22. exd4 Ra2 {[#]} 23. Qxa2 Nxa2 24. Rc4 Nc3 25. Nc5 g6 26. Ra1 $2 {[#]} (26. g3 $1 $14 {keeps the upper hand.}) 26... Qf4 $1 $17 27. Nd7 Bd6 $40 {[%mdl 128] Black goes for the king.} 28. Ne5 Bxe5 29. dxe5 Qxe5 {Hoping for ...Ne2+.} 30. Ra8+ $2 {This move loses the game for White.} (30. Rf1 $17) 30... Kg7 $19 {[%cal Re5e1]} 31. g3 {[#]} Nb1 $1 32. Rc1 (32. Rd8 {keeps fighting.} Nd2 {[%mdl 64] Decoy} 33. Rxd2 Qe1+ {[%mdl 64] Double Attack} 34. Kg2 Qxd2 35. Re4) 32... Nd2 {Black is clearly winning.} 33. Bc6 (33. Bg2 $142 Nxb3 34. Rd1) 33... Nxb3 34. Rd1 Nd4 35. Bg2 Ne2+ 36. Kh1 Nc3 37. Rf1 b3 38. Ra3 Qb5 39. h4 e5 {Weighted Error Value: White=0.43/Black=0.05} 0-1

[Event "15th Spice Cup 2021"]
[Site "Clayton"]
[Date "2021.10.19"]
[Round "3.3"]
[White "Mardov, Dimitar"]
[Black "Moradiabadi, Elshan"]
[Result "1/2-1/2"]
[WhiteElo "2373"]
[BlackElo "2553"]
[Annotator "TA"]
[PlyCount "62"]
[EventDate "2021.10.17"]
[EventType "swiss"]
[EventCountry "USA"]
[SourceTitle "playchess.com"]
[Source "ChessBase"]
[SourceQuality "1"]

{[%evp 9,62,21,25,12,16,8,8,9,14,8,18,-6,-4,-3,-8,-7,-13,-12,0,-5,-4,-5,0,0,0,-3,0,-7,-7,-8,-13,-10,-8,-40,0,0,0,0,0,0,0,0,0,0,0,0,0,0,0,0,0,0,0,0,41]} 1. d4 Nf6 2. Nf3 e6 3. c4 d5 4. Nc3 a6 5. cxd5 exd5 6. Bf4 {D37: Queen's Gambit Declined: 5 Bf4.} Bd6 7. Bxd6 Qxd6 8. e3 O-O 9. Be2 Bg4 {[#]} 10. Ne5 $146 ({Predecessor:} 10. Qb3 Ra7 11. O-O Nbd7 12. h3 Bxf3 13. Bxf3 c6 14. Qc2 Re8 15. Rab1 Raa8 16. Rfc1 {0-1 (64) Pultinevicius,P (2492)-Sadhwani,R (2555) Chess.com INT 2021}) 10... Bxe2 11. Qxe2 c5 12. O-O b5 13. a3 Re8 14. Rad1 cxd4 15. exd4 Nbd7 {[%cal Rd7e5,Bb8d7,Bd7b6,Bb6c4][%mdl 32]} 16. Rfe1 Rac8 17. h3 h6 18. Rd3 Nb6 19. Re3 Nc4 20. Nxc4 dxc4 21. Qf3 Qxd4 (21... Rxe3 {is more complex.} 22. fxe3 Qd7 23. Rd1 a5 24. Ne4 Nxe4 25. Qxe4 Re8) 22. Rxe8+ {The position is equal.} Rxe8 23. Rxe8+ Nxe8 24. Qa8 Qe5 25. Qxa6 Qe1+ 26. Kh2 Qxf2 27. Qxb5 Qf4+ 28. Kh1 Nf6 29. a4 g5 30. Nd5 Nxd5 31. Qxd5 Qf1+ {A rather calm draw.  Weighted Error Value: White=0.05/Black=0.03} 1/2-1/2

[Event "15th Spice Cup 2021"]
[Site "Clayton"]
[Date "2021.10.19"]
[Round "3.4"]
[White "Martinez Alcantara, Jose Eduardo"]
[Black "Rozman, Levy"]
[Result "1-0"]
[WhiteElo "2620"]
[BlackElo "2362"]
[Annotator "TA"]
[PlyCount "77"]
[EventDate "2021.10.17"]
[EventType "swiss"]
[EventCountry "USA"]
[SourceTitle "playchess.com"]
[Source "ChessBase"]
[SourceQuality "1"]

{[%evp 13,77,17,34,29,31,31,33,37,12,18,4,14,29,0,0,12,15,141,0,0,0,-77,0,0,0,-4,27,16,23,18,36,-8,0,6,39,22,218,93,93,93,111,116,126,122,138,91,133,121,200,131,122,97,158,158,557,556,706,503,915,886,1797,1723,29976,29976,29974,5808]} 1. e4 c6 2. d4 d5 3. e5 Bf5 4. h4 h6 5. g4 Be4 6. f3 Bh7 7. e6 Qd6 8. exf7+ $1 {B12: Caro-Kann: Advance Variation.} Kxf7 9. f4 {The main line 9.f4 scores better than 9.Bd3.} Nf6 10. Nf3 {White is slightly better. 10.Bh3 is vanishing.} Nxg4 11. Bh3 h5 12. Ne5+ Ke8 13. Bxg4 hxg4 14. Qxg4 {[#] Threatens to win with Qc8+.} Be4 $146 ({Predecessor:} 14... Nd7 15. Qh5+ g6 16. Qe2 c5 17. Be3 Nxe5 18. fxe5 Qb6 19. c3 c4 20. Na3 g5 21. Bxg5 {1-0 (38) Giri,A (2764)-Ter Sahakyan,S (2640) Chess.com INT 2020}) 15. Qc8+ {[%mdl 64] [#] Double Attack} Qd8 16. Qe6 {[%csl Ge5][%cal Re6f7]} Qd6 17. Qf7+ Kd8 18. Rh2 Nd7 19. Nc3 Nxe5 20. fxe5 Qg6 {[%cal Rg6f7]} 21. Qf2 e6 22. Be3 Be7 23. O-O-O {Black must now prevent Rg1.} Rf8 24. Qg1 Rf3 $2 (24... Rf7 $1 $11 {and Black is okay.}) 25. Nxe4 (25. Rg2 $18 {is the precise move to win.} Qf5 26. Rxg7) 25... Qxe4 $16 26. Bg5 Rf7 {[#]} 27. Rf2 $1 {[%cal Rf2f7]} Rxf2 28. Qxf2 Bxg5+ 29. hxg5 {[%mdl 4096] Endgame KQR-KQR} Ke7 30. Rf1 {Intending Qf7+ and mate.} Qg6 (30... Qf5 $16) 31. Qe3 $40 {[%mdl 128] White wants to mate with Qa3+. Black is in trouble.} Kd7 32. Kb1 {And now Qa3! would win.} Rh8 ({Better is} 32... Rd8) 33. a4 {[%cal Ba2a4,Ba4a5][%mdl 32]} Rh2 $2 (33... a6 $16 34. Qa3 Qe8 35. Qd6+ Kc8) 34. Qc3 $18 b6 {If only Black now had time for ...a5....} 35. a5 Kc7 (35... Qh5 $142 36. Qb4 Rh1 37. Qd6+ Kc8 38. Rxh1 Qxh1+ 39. Ka2 Qe1 40. Qxe6+ Kc7 41. Qe7+ Kb8 42. Qd6+ Kb7 43. Qd7+ Kb8) 36. b4 Kb7 37. b5 cxb5 38. axb6 axb6 39. Rf8 {Weighted Error Value: White=0.13/Black=0.79} 1-0

[Event "15th Spice Cup 2021"]
[Site "Clayton"]
[Date "2021.10.19"]
[Round "3.5"]
[White "Chen, Ryo"]
[Black "Homa, Seth"]
[Result "1-0"]
[WhiteElo "2325"]
[BlackElo "2269"]
[Annotator "TA"]
[PlyCount "117"]
[EventDate "2021.10.17"]
[EventType "swiss"]
[EventCountry "USA"]
[SourceTitle "playchess.com"]
[Source "ChessBase"]
[SourceQuality "1"]

{[%evp 16,117,33,31,37,35,68,69,79,71,75,76,64,65,61,53,62,50,45,45,43,7,8,12,13,15,28,16,16,19,16,8,26,26,28,26,28,34,35,28,83,85,87,87,110,106,93,95,105,91,119,99,125,-159,100,93,93,93,93,93,101,105,227,222,236,227,230,211,209,172,271,253,279,367,366,341,349,350,322,315,315,315,378,377,366,336,465,452,427,415,5836,577,12840,12835,12841,12841,12842,12842,12844,12845,12845,12845,12846,12846]} 1. e4 c5 2. Nf3 Nc6 3. d4 cxd4 4. Nxd4 e5 5. Nb5 d6 6. c4 Be7 7. N1c3 a6 8. Na3 Nf6 9. Be2 O-O {B32: Sicilian: Löwenthal and Kalashnikov Variations.} 10. Be3 Nd7 {[#]} 11. Nc2 $146 ({Predecessor:} 11. O-O Nc5 12. Qd2 Ne6 13. Nc2 Bg5 14. Bxg5 Qxg5 15. Qxg5 Nxg5 16. Rad1 Rd8 17. Rd2 {0-1 (38) Womacka,M (2321)-Ynojosa Aponte,F (2618) Chess.com INT 2019}) 11... a5 {White is slightly better.} 12. Bg4 Nc5 13. Bxc8 Rxc8 14. O-O Bg5 15. Bxg5 Qxg5 16. Qxd6 b6 {And now ...Rfd8 would win.} 17. Qd1 Rfd8 18. Nd5 Nxe4 19. Qe2 Nc5 20. Rad1 Rb8 21. Rd2 Ne6 22. Rfd1 Re8 23. Nc3 f5 24. Qe3 Qg4 25. b3 Ncd4 26. Qg3 Qxg3 27. hxg3 {[%cal Rc2d4]} Rbd8 (27... Nxc2 $11 {remains equal.} 28. Rxc2 Nc5) 28. Nxd4 $16 exd4 29. Nb5 Nc5 30. Nc7 $1 {[%cal Rc7e8]} ({But not} 30. Nxd4 $6 Ne4 $11) 30... Re5 31. Nd5 $1 ({Don't play} 31. Rxd4 $6 Rxd4 32. Rxd4 Re2 $11) 31... d3 32. Nxb6 Re2 {Threatens to win with ...Ne4.} 33. Nd5 ({Avoid the trap} 33. Rxe2 $2 dxe2 34. Rxd8+ Kf7 $19) 33... Rde8 {[#] Strongly threatening ...Rxd2.} 34. Nf4 $2 {[%mdl 8192]} (34. f3 $1 $16 {stays on course.}) 34... Re1+ $2 (34... Rxd2 $17 {keeps the pressure on.} 35. Rxd2 g5 36. Nxd3 {[#]} Rd8 $1) 35. Kh2 Rxd1 36. Rxd1 {[%mdl 4096] Endgame KRN-KRN} Rd8 37. Kg1 g5 38. Nd5 Rd6 {This costs Black the game.} (38... Kf7 $16) 39. Ne7+ $18 Kf7 40. Nxf5 Rb6 41. Nd4 a4 42. bxa4 Rb2 (42... Rd6 $142) 43. Nb3 Nxb3 44. axb3 Rxb3 {KR-KR} 45. a5 Ra3 46. a6 Rxa6 47. Rxd3 Ra1+ 48. Kh2 Rc1 49. Rd7+ Kg6 50. Rc7 h5 51. c5 Rc2 52. f3 Rc1 (52... g4 $142 53. f4 Kf6) 53. c6 {White is clearly winning.} Kh6 54. Rc8 Kg7 55. c7 g4 56. f4 Rc3 57. f5 h4 58. gxh4 g3+ 59. Kh3 {Weighted Error Value: White=0.15/Black=0.30} 1-0

[Event "15th Spice Cup 2021"]
[Site "Clayton"]
[Date "2021.10.19"]
[Round "3.6"]
[White "Atanasov, Anthony"]
[Black "Gledura, Benjamin"]
[Result "0-1"]
[WhiteElo "2245"]
[BlackElo "2628"]
[Annotator "TA"]
[PlyCount "72"]
[EventDate "2021.10.17"]
[EventType "swiss"]
[EventCountry "USA"]
[SourceTitle "playchess.com"]
[Source "ChessBase"]
[SourceQuality "1"]

{[%evp 9,72,27,29,36,40,46,60,56,59,64,54,35,50,39,74,68,71,79,100,0,0,-9,-27,-30,-9,-15,18,19,19,24,18,16,14,16,16,-16,10,-66,116,0,0,0,0,3,6,-4,0,0,31,37,50,-26,-27,-36,-27,-15,-18,-16,-14,-488,-494,-912,-890,-643,-316]} 1. d4 d5 2. Nf3 c5 3. e3 Nc6 4. c3 Nf6 5. dxc5 a5 6. Bb5 {D05: Colle System with ...e6.} Qc7 $5 {[%mdl 4] A promising side line.} 7. b4 e5 8. Bb2 {White is slightly better.} e4 9. Nd4 {[#]} Be7 $146 ({Predecessor:} 9... g6 10. c4 Bg7 11. cxd5 Nxd5 12. Bxc6+ bxc6 13. Nb5 cxb5 14. Bxg7 Nxb4 15. Bxh8 Nd3+ {1-0 (38) Godart,F (2411)-Birovecz,B (1981) Vaujany 2017}) 10. a4 O-O 11. Be2 Qe5 12. b5 Nd8 13. Ba3 Qg5 14. g3 (14. Kf1 $1 $16) 14... Bh3 $1 $11 15. Nd2 Nd7 16. N2b3 Ne5 17. Qc2 Ne6 (17... Rc8 {feels hotter.} 18. c4 dxc4 19. Bxc4 Qg4 20. Be2 Qg6) 18. c6 $36 {[%mdl 2048] White has the initiative.} bxc6 {White must now prevent ...Bxa3.} 19. Bxe7 Qxe7 20. Nxc6 Nxc6 21. bxc6 Rfc8 22. Nd4 Qc5 {Threatening ...Nxd4.} 23. Kd2 (23. Bb5 $11) 23... Qe7 $2 {[#]} (23... Nxd4 $15 {stays ahead.} 24. cxd4 Qxc2+ 25. Kxc2 Rxc6+ 26. Kd2 Rf6) 24. Rhb1 (24. Rhc1 $1 $16) 24... Qf6 25. Ke1 Nxd4 26. cxd4 {And now Rb6 would win.} Rxc6 27. Qd2 h6 28. Rc1 Rd6 29. Rc5 Qf5 30. Bf1 ({White should play} 30. Rac1 $14) 30... h5 31. Rb1 h4 {Threatens to win with ...Bxf1.} 32. Qe2 ({But not} 32. Rxa5 $2 Rxa5 33. Qxa5 Bxf1 $19) ({Don't go for} 32. gxh4 $2 Bxf1 33. Kxf1 Rg6 $19) 32... Bg4 33. Qd2 hxg3 34. hxg3 {[%mdl 8192] [#]} (34. fxg3 $11 {and White has nothing to worry.} Rf6 35. Qg2) 34... Rh6 $1 $19 {Black is clearly winning.} 35. Rxa5 (35. Qa2 $142 Rd8 36. Qd2) 35... Rc8 36. Rc5 Rh1 {Weighted Error Value: White=0.47/Black=0.12} (36... Rxc5 $142 37. dxc5 Rh1) 0-1

[Event "15th Spice Cup 2021"]
[Site "Clayton"]
[Date "2021.10.19"]
[Round "4.1"]
[White "Quesada Perez, Yuniesky"]
[Black "Nyzhnyk, Illya"]
[Result "1/2-1/2"]
[WhiteElo "2593"]
[BlackElo "2670"]
[Annotator "TA"]
[PlyCount "24"]
[EventDate "2021.10.17"]
[EventType "swiss"]
[EventCountry "USA"]
[SourceTitle "playchess.com"]
[Source "ChessBase"]
[SourceQuality "1"]

{[%evp 14,23,81,7,11,0,0,0,0,0,16,2]} 1. e4 e5 2. Nf3 Nf6 3. d4 Nxe4 4. Bd3 d5 5. Nxe5 Nd7 6. Nxd7 Bxd7 7. O-O Qf6 8. Nc3 (8. Bxe4 $16 dxe4 9. Nc3) 8... Qxd4 $11 {The position is equal. C43: Petroff Defence: 3 d4.} 9. Nxe4 dxe4 10. Bxe4 Qxd1 ({Avoid the trap} 10... Qxe4 $2 11. Re1 $18) 11. Rxd1 O-O-O 12. Be3 {[#] Not much happened in this game.  Weighted Error Value: White=0.42/Black=0.00} {Predecessor:} Kb8 $146 1/2-1/2

[Event "15th Spice Cup 2021"]
[Site "Clayton"]
[Date "2021.10.19"]
[Round "4.2"]
[White "Yoo, Christopher Woojin"]
[Black "Mardov, Dimitar"]
[Result "1-0"]
[WhiteElo "2485"]
[BlackElo "2373"]
[Annotator "TA"]
[PlyCount "79"]
[EventDate "2021.10.17"]
[EventType "swiss"]
[EventCountry "USA"]
[SourceTitle "playchess.com"]
[Source "ChessBase"]
[SourceQuality "1"]

{[%evp 14,79,35,32,47,31,44,33,44,16,41,26,31,31,38,30,37,31,20,50,33,29,54,40,48,37,55,23,53,59,139,151,142,143,149,148,191,184,162,157,294,303,371,266,413,414,369,286,286,288,288,275,288,286,330,286,330,310,1792,1866,1286,1268,29986,29987,29987,29988,29987,29987]} 1. e4 e5 2. Nf3 Nc6 3. Bc4 Nf6 4. Ng5 d5 5. exd5 Na5 6. Bb5+ c6 7. dxc6 bxc6 8. Bd3 Nd5 {C58: Two Knights: 4 Ng5 d5 5 exd5 Na5 sidelines.} 9. h4 Nf4 {9...Qc7 is the hot move.} 10. Bf1 h6 {White is slightly better.} 11. Ne4 f5 {[#]} 12. g3 $1 fxe4 13. gxf4 Bf5 $1 14. fxe5 Bc5 15. Qh5+ $1 g6 16. Qe2 O-O $1 17. Nc3 Qd4 18. Nd1 $1 {Black must now prevent h5.} Qxe5 {[#]} 19. d4 $146 {[%mdl 2112] Discovered Attack. White has good play.} ({Predecessor:} 19. c3 Bd6 20. b4 Nb7 21. Bb2 c5 22. c4 Qe6 23. Qe3 Kh7 24. Qc3 Qf7 25. b5 {1-0 (48) Lyell,M (2188)-Fule,S (2250) Budapest 2021}) 19... Bxd4 20. c3 (20. Bxh6 $5 {[%cal Rc2c3]} Bxb2 21. Nxb2 Qxb2 22. Rc1 $11) 20... Bb6 21. Bxh6 Rf7 {[#] White leaves nothing to chance now.} (21... Nb7 $1 $14) 22. h5 $1 $16 g5 23. Bxg5 Kh7 24. f4 Qe6 25. Ne3 Bxe3 26. Qxe3 Rd7 (26... Nc4 $16 27. Bxc4 Qxc4) 27. b3 $18 Re8 28. Be2 Bg4 (28... Qf7 {might work better.} 29. O-O Rd3 30. Bxd3 exd3) 29. Bxg4 Qxg4 30. Qh3 Qxh3 31. Rxh3 Nb7 32. Ke2 Nc5 33. Rg1 Rd3 34. Re3 Rd5 35. Bf6 Rxh5 $2 (35... Nd3 36. Be5 Re7) 36. Rg7+ Kh6 37. Reg3 {[%csl Gg7][%cal Rg3g6]} Rh2+ 38. Ke3 {White mates.} Ne6 39. R7g6+ Kh7 40. f5 {Weighted Error Value: White=0.10/Black=0.37} 1-0